01654nam a2200265 i 4500003000900000005001700009007000300026008004100029040003000070082001300100100002100113245006000134264004300194300004100237336002700278337003400305338002800339490005200367500031400419500004900733500005500782520049700837521001901334700003501353DO-SdBNP20240321120929.0ta110413s2016 dr a 000 j spa d aDO-SdBNPbspacBNPHUerda bF9532221 aFuei Liao , Yuan13aLa pelota /cYuan Fuei Liao ; ilustrador Arlyn García 1aSanto Domingo :bUSAID,bUNIBE,c2016. a8 páginas c22 cm.bIlustraciones  2rdacontentatextobtxt 2rdamediaasin mediación bn 2rdacarrieravolumenbnc1 aLibros decodificablesaProyecto leervEtapa D-2 aLos libros decodificables están compuestos de textos redactados con dificultad progresiva. Cada etapa decodificable enfatiza ciertas combinaciones de letras y sonidos tomando en cuenta el orden de frecuencia en la que aparecen en el idioma español, y el nivel de dificultad de la relación letra-sonidos. aCombinación de grafemas: y, f, p, t, b, d. aGrafemas anteriores: a, m, e, n, o, s, i, l, u, y. aEl lobito está en el estadio de béisbol y agarra un bate. La osa panda es quien va a lanzar la pelota. En el juego también están la paloma que está vestida a la moda, y el mono que está cuidando una base. El lobito batea la pelota con mucha fuerza. La batea tan duro que la pelota sale disparada, llevándose las plumas de la paloma que queda como un pollo desplumado, y también llevándose la base que cuida el mono. La pelota va volando, perdiéndose en medio de las nubes. aNivel primario aGarcía, Arlyneilustraciones